| 000 | 00374nam a22001457a 4500 | ||
|---|---|---|---|
| 082 |
_a940.53 _bFAL _cL-30, P-67 |
||
| 100 |
_aFalls Cyril _948925 |
||
| 245 |
_aThe second world war _cFalls Cyrail |
||
| 250 | _a2nd | ||
| 260 |
_aLondon _bMethuen _c1948 |
||
| 300 |
_a309 P _bill, _c25cm |
||
| 526 |
_a0 _b0 _c0 _d940_530000000000000_FAL |
||
| 650 |
_aMCE _9379 |
||
| 942 |
_2ddc _cBK |
||
| 999 |
_c551788 _d551788 |
||